000 01735cad a22002175a 4500
001 L138236
008 070523s2007 xxk f w i000 0 eng d
035 _a(Sirsi) u138236
041 0 _aeng
245 0 4 _aThe Queen on the application of Thames Water Utilities V The South East London Division, Bromley Magistrates Court
_binterested party: Environment Agency
_h[electronic resource]
260 _c2007
520 _aC-252/05, 10 May 2007. Considers whether sewage escaping from networks maintained by a sewerage company constituted controlled waste for the purposes of the Environmental Protection Act 1990 section 33. The company (T) was accused of dumping controlled waste through accidental leakage into controlled waters. The magistrates' court referred the matter of whether water leaking from the sewerage system constituted this. "Held": The fact that the waste water was spilled accidentally did not alter the view that the sewerage company was considered to have dumped the waste. Directive 75/442 could not apply in this case as it did not cover waste waters. Directive 91/271 did no more than lay down a duty to prevent the risk of leakage of waste water and could not in any case be used as it did not provide special legislation for waste water, which would be needed to prevail over 75/442. Judgment accordingly.
590 _aKA
650 2 4 _aR V BROMLEY MAGISTRATES COURT
650 2 4 _aDIRECTIVE 75/442/EEC
650 2 4 _aDIRECTIVE 91/271/EEC
651 4 _aEUROPEAN COMMUNITY
690 _aENVIRONMENTAL AND LAND CONSULTANCY-WASTE MANAGEMENT
856 4 0 _uhttps://eur-lex.europa.eu/LexUriServ/LexUriServ.do?uri=CELEX:62005J0252:EN:HTML
_zView the article free of charge at the europa.eu website.
942 _n0
999 _c78831
_d78831